| 000 | 00398cam a22001097a 4500 | ||
|---|---|---|---|
| 008 | 180718b1969 xxu||||| |||| 00| 0 eng d | ||
| 082 | _aR112x54 In2e | ||
| 245 |
_aReport of the expert commitee on unemployment amonmg Indian Seamen _cby Ministry of Shipping and Transport |
||
| 260 |
_aNew Delhi _bGovernment of India _c1969 |
||
| 300 | _axvii, 142p | ||
| 700 | _aIndia. Ministry of Shipping and Transport | ||
| 999 |
_c495709 _d495709 |
||